Statistics for Most Crowded Road Network

Click here to take the quiz!

General Stats

  • This quiz has been taken 21 times
  • The average score is 8 of 16

Answer Stats

AnswerNumber of vehicles per km of road network% Correct
Japan628.4
79%
Monaco427.3
79%
Singapore239.5
79%
South Korea190.4
68%
Taiwan176.2
68%
Bahrain252.3
58%
Qatar97.7
58%
United Arab Emirates479.0
58%
Kuwait263.7
53%
Malta101.8
53%
Mexico93.8
47%
Puerto Rico122.5
37%
Israel150.3
26%
Jordan148.3
21%
Guatemala108.0
16%
Mauritius111.8
11%

Score Distribution

Percentile by Number Answered

Percent of People with Each Score

Your Score History

You have not taken this quiz